LEADER 00968nam a2200229 4500 001 000000357910 003 CaOOAMICUS 005 20240730113212.0 008 240408s2004 xxka 000 u eng r 040 $aSeMil$bita 100 1 $aPicucci, Egidio.$0(OLS)http://semarc/name/49414 245 14$aThe apostolic vicariate of Arabia :$ba centenary of service /$cEgidio Picucci. 264 1$a[S.l. :$bs.n.],$c2004. 300 $aVIII, 112 p. :$bill. ;$c21 cm 500 $aA pič del front.: for private circulation only 650 4$aArabia - Vicariato apostolico.$0(OLS)http://semarc/subject/55749 850 $aSeMil 852 $aSeMil$W1$xVenegono$y1$m3C III 58$j249839$B249051$CSeMilBibl$Z2$F249051 $81 961 $aBonazzoli don Davide - Omaggio 996 $6245$aThe apostolic vicariate of Arabia :$ba centenary of service$9(OLS)http://semarc/title/448200 996 $6264$a[S.l. :$bs.n.]$9(OLS)http://semarc/publisher/29751 LEADER 01101nas a2200265 i 4500 001 000000203023 003 CaOOAMICUS 005 20120319000000.0 008 110610b2011 it uu u0 0mul r 013 $a181735 040 $aSeMil$bita 245 10$aAnno 2011. 260 $aRoma :$bSoc. Ed. Dante Alighieri,$c2011. 300 $aVIII, [6], 1068 p. :$bill. ;$c24 cm + [1] c. di Errata Corrige. 500 $aArticoli con sintesi in inglese in coda. 773 0 $tNuova Rivista Storica.$dMilano ; Roma ; Napoli : Societā Editrice Dante Alighieri di Albrighi, Segati & C., 1917.$x0029-6236$w()2548 774 0 $tGennaio-Aprile.$w()275465 774 0 $tSommario del Volume 95., 2011.$w()275466 774 0 $tMaggio-Agosto.$w()276182 774 0 $tSettembre-Dicembre.$w()276703 850 $aSeMil 852 $aSeMil$W1$xVenegono$y1$m150 3 32$j153519$B153519$CSeMilBibl$Z2$F173591 $85 961 $aAbbonamento: Dante Alighieri (Societā Editrice) 996 $6245$aAnno 2011$9(OLS)http://semarc/title/285416 996 $6260$aRoma :$bSoc. Ed. Dante Alighieri$9(OLS)http://semarc/publisher/43927